Central Library OPAC University of Rajshahi

The theory of catering / (Record no. 15791)

MARC details
000 -LEADER
fixed length control field 00938nam a2200301 a 4500
001 - CONTROL NUMBER
control field 15791
003 - CONTROL NUMBER IDENTIFIER
rucl marc code BD-RjUL
005 - DATE AND TIME OF LATEST TRANSACTION
control field 20211208235904.0
008 - FIXED-LENGTH DATA ELEMENTS--GENERAL INFORMATION
fixed length control field 140210s1984 enka b 001 0 eng
020 ## - INTERNATIONAL STANDARD BOOK NUMBER
International Standard Book Number 0713109858 (pbk.)
International Standard Book Number 071310984X (hard)
035 ## - SYSTEM CONTROL NUMBER
System control number (BD-RjUL)15846
040 ## - CATALOGING SOURCE
Original cataloging agency DLC
Transcribing agency DLC
Modifying agency DLC
-- BD-RjUL
Language of cataloging eng
041 ## - LANGUAGE CODE
Language code of text/sound track or separate title eng
082 00 - DEWEY DECIMAL CLASSIFICATION NUMBER
Classification number 647.95
Edition number 19
Author mark and year KIT
100 1# - MAIN ENTRY--PERSONAL NAME
Personal name Kinton, Ronald.
9 (RLIN) 48978
245 14 - TITLE STATEMENT
Title The theory of catering /
Statement of responsibility, etc. Ronald Kinton, Victor Ceserani.
250 ## - EDITION STATEMENT
Edition statement 5th ed.
260 ## - PUBLICATION, DISTRIBUTION, ETC. (IMPRINT)
Place of publication, distribution, etc. London :
Name of publisher, distributor, etc. E. Arnold ;
Place of publication, distribution, etc. Philadelphia, Pa. :
Name of publisher, distributor, etc. Distributed exclusively by International Ideas,
Date of publication, distribution, etc. 1984.
300 ## - PHYSICAL DESCRIPTION
Pagination vi, 438 p. :
Illustrations ill. ;
Size 22 cm.
504 ## - BIBLIOGRAPHY, ETC. NOTE
Bibliography, etc Includes bibliographical references and index.
650 #0 - SUBJECT ADDED ENTRY--TOPICAL TERM
Topical term or geographic name as entry element Caterers and catering.
9 (RLIN) 48979
Topical term or geographic name as entry element Food service.
9 (RLIN) 48980
700 1# - ADDED ENTRY--PERSONAL NAME
Personal name Ceserani, Victor.
942 ## - ADDED ENTRY ELEMENTS (KOHA)
Source of classification or shelving scheme Dewey Decimal Classification
Koha item type Books
Holdings
Lost status Source of classification or shelving scheme Damaged status Not for loan Collection code Permanent Location Current Location Shelving location Date acquired Source of acquisition Cost, normal purchase price Total Checkouts Full call number Date last seen Copy number Koha item type
  Dewey Decimal Classification     Non-fiction Central Library, University of Rajshahi Central Library, University of Rajshahi   04/09/1984 Toppan Tulip. 12.05   647.95 KIT 1984 10/02/2014 C-2 Books
  Dewey Decimal Classification   Not For Loan Non-fiction Central Library, University of Rajshahi Central Library, University of Rajshahi Reading Room 04/09/1984 Toppan-Tulip 12.05   647.95 KIT 23/03/2017 C-1 Books